[Event "Cheliabinsk Lozovatsky Memorial-B"]
[Site "Cheliabinsk"]
[Date "2023.02.04"]
[Round "9"]
[White "Filippova, Darya"]
[Black "Vifleemskaia, Svetlana"]
[Result "1/2-1/2"]
[WhiteElo "2047"]
[BlackElo "1947"]
[PlyCount "42"]
[EventDate "2023.01.27"]
[EventType "swiss"]
[EventRounds "10"]
[EventCountry "RUS"]
[SourceTitle "CBM 212 Extra"]
[Source "ChessBase"]
[SourceDate "2023.03.31"]
[SourceVersion "1"]
[SourceVersionDate "2023.03.31"]
[SourceQuality "1"]

1. e4 e5 2. Nf3 Nc6 3. Nc3 Nf6 4. d4 exd4 5. Nxd4 Bb4 6. Nxc6 bxc6 7. Bd3 d5 8. exd5 cxd5 9. 0-0 0-0 10. Bg5 c6 11. Qf3 Be6 12. Ne2 Be7 13. Nd4 Qd7 14. Nf5 Bxf5 15. Bxf5 Qd8 16. Rfe1 Re8 17. Re3 g6 18. Bd3 Nh5 19. Bxe7 Rxe7 20. Rae1 Rxe3 21. Qxe3 Ng7 1/2-1/2

[Event "Cheliabinsk Evenings (Women)"]
[Site "Cheliabinsk"]
[Date "2022.12.02"]
[Round "4"]
[White "Voit, Daria"]
[Black "Filippova, Darya"]
[Result "1-0"]
[WhiteElo "2347"]
[BlackElo "2035"]
[PlyCount "101"]
[EventDate "2022.11.29"]
[EventType "tourn"]
[EventRounds "9"]
[EventCountry "RUS"]
[EventCategory "1"]
[SourceTitle "CBM 211 Extra"]
[Source "ChessBase"]
[SourceDate "2023.01.31"]
[SourceVersion "1"]
[SourceVersionDate "2023.01.31"]
[SourceQuality "1"]

1. d4 Nf6 2. c4 c5 3. d5 e6 4. Nc3 exd5 5. cxd5 d6 6. Nf3 g6 7. Bf4 a6 8. a4 Bg7 9. h3 0-0 10. e3 Qe7 11. Nd2 Nbd7 12. Nc4 Ne8 13. Be2 Rb8 14. 0-0 Ne5 15. Nb6 f5 16. Bg3 Nf6 17. a5 Ne4 18. Nxe4 fxe4 19. Ra4 Bf5 20. b4 cxb4 21. Rxb4 h5 22. Nc4 Rfc8 23. Qb3 Rc5 24. Nxe5 Bxe5 25. Bxe5 Qxe5 26. Rxb7 Rbc8 27. Bxa6 Rxa5 28. Ra7 Rf8 29. Qb7 g5 30. Ra8 Ra1 31. Rxf8+ Kxf8 32. Qb8+ Kg7 33. Rxa1 Qxa1+ 34. Bf1 Qe5 35. Qb7+ Kh6 36. g3 Bh7 37. Qf7 Bg6 38. Qf8+ Kh7 39. Bc4 Bf5 40. Kg2 h4 41. g4 Bg6 42. Kg1 Qa1+ 43. Kh2 Qe5+ 44. Kg2 Be8 45. Ba6 Bg6 46. Bc8 Qxd5 47. Bf5 Bxf5 48. gxf5 g4 49. hxg4 Qd1 50. Qe7+ Kg8 51. Qxe4 1-0

[Event "RUS-chT (Women)"]
[Site "Sochi"]
[Date "2022.05.10"]
[Round "9.2"]
[White "Filippova, Darya"]
[Black "Goltseva, Ekaterina"]
[Result "0-1"]
[WhiteElo "1961"]
[BlackElo "2291"]
[PlyCount "113"]
[EventDate "2022.05.01"]
[EventType "team-tourn"]
[EventRounds "9"]
[EventCountry "RUS"]
[SourceTitle "CBM 208 Extra"]
[Source "ChessBase"]
[SourceDate "2022.07.31"]
[SourceVersion "1"]
[SourceVersionDate "2022.07.31"]
[SourceQuality "1"]
[WhiteTeam "Cheliabinsk Yuzhnyy Ural (W) II"]
[BlackTeam "Cheliabinsk Yuzhnyy Ural (W)"]
[WhiteTeamCountry "RUS"]
[BlackTeamCountry "RUS"]

1. d4 Nf6 2. c4 e6 3. Nf3 b6 4. g3 Ba6 5. Qc2 Bb7 6. Bg2 Bb4+ 7. Bd2 Bxd2+ 8. Qxd2 0-0 9. 0-0 d5 10. Nc3 dxc4 11. Rfe1 Na6 12. e4 Nb4 13. Qe2 a6 14. e5 Nfd5 15. Ne4 Nd3 16. Red1 b5 17. b3 Nb6 18. bxc4 Bxe4 19. Qxe4 bxc4 20. Qg4 Rb8 21. Ng5 h6 22. Ne4 Nd5 23. Bf1 Nb2 24. Rdc1 Kh8 25. Bxc4 Nxc4 26. Rxc4 Nb6 27. Rc5 Qxd4 28. Rd1 Qa4 29. Qe2 Nd5 30. Rdc1 Qd4 31. Qf3 Rb2 32. R5c4 Qxe5 33. Nc5 Qd6 34. Rh4 Rb5 35. Ne4 Qe5 36. Nc5 Qd6 37. Ne4 Qe7 38. Rc6 Rb6 39. Rc4 a5 40. Nc3 c6 41. Ra4 Rb4 42. Nxd5 exd5 43. Qc3 Qxh4 44. gxh4 Rxa4 45. Qxc6 Rxa2 46. Qxd5 Ra4 47. Qb5 Rg4+ 48. Kf1 a4 49. Qd7 Rb4 50. Qe7 Rbb8 51. f4 f5 52. Qa3 Ra8 53. Kf2 Rfb8 54. Ke2 Rb3 55. Qc5 a3 56. Qd5 Rbb8 57. Kd3 0-1

[Event "Cheliabinsk Lozovatsky Memorial-A"]
[Site "Cheliabinsk"]
[Date "2022.01.30"]
[Round "9"]
[White "Filippova, Darya"]
[Black "Benderac, Ana"]
[Result "1-0"]
[WhiteElo "1992"]
[BlackElo "2180"]
[PlyCount "65"]
[EventDate "2022.01.22"]
[EventType "swiss"]
[EventRounds "10"]
[EventCountry "RUS"]
[SourceTitle "EXT 2023"]
[Source "ChessBase"]
[SourceDate "2022.10.05"]
[SourceVersion "1"]
[SourceVersionDate "2022.10.05"]
[SourceQuality "1"]

1. c4 Nf6 2. Nc3 d6 3. d4 Nbd7 4. e4 e5 5. Nf3 exd4 6. Nxd4 Ne5 7. Be2 Be7 8. 0-0 0-0 9. f4 Ng6 10. Kh1 c6 11. Be3 Re8 12. Bg1 Bf8 13. Bd3 Bg4 14. Qd2 Nh5 15. g3 Bh3 16. Rf2 Nf6 17. Re1 d5 18. cxd5 cxd5 19. e5 Bc5 20. Rfe2 Ne4 21. Nxe4 dxe4 22. Bxe4 Bg4 23. Bf3 h5 24. Bxg4 hxg4 25. Nb3 Bxg1 26. Kxg1 Qb6+ 27. Qd4 Qa6 28. Nc5 Qxa2 29. Nxb7 Nf8 30. f5 Reb8 31. Nd6 a5 32. e6 Rb4 33. Qf2 1-0

[Event "Cheliabinsk Lozovatsky Memorial-A"]
[Site "Cheliabinsk"]
[Date "2022.01.24"]
[Round "3"]
[White "Vorobiov, Evgeny E"]
[Black "Filippova, Darya"]
[Result "1-0"]
[WhiteElo "2537"]
[BlackElo "1992"]
[PlyCount "67"]
[EventDate "2022.01.22"]
[EventType "swiss"]
[EventRounds "10"]
[EventCountry "RUS"]
[SourceTitle "CBM 206 Extra"]
[Source "ChessBase"]
[SourceDate "2022.03.31"]
[SourceVersion "1"]
[SourceVersionDate "2022.03.31"]
[SourceQuality "1"]

1. d4 Nf6 2. c4 e6 3. Nc3 d5 4. Bg5 Be7 5. e3 0-0 6. Nf3 c6 7. Qc2 Nbd7 8. Bd3 h6 9. Bh4 Re8 10. 0-0 dxc4 11. Bxc4 b5 12. Bd3 Bb7 13. Rfd1 Qb6 14. Ne5 Nxe5 15. dxe5 Nd5 16. Bxe7 Nxc3 17. Bh7+ Kh8 18. Qxc3 Rxe7 19. Bc2 Rd8 20. Rd6 Rxd6 21. exd6 Rd7 22. Qd3 g6 23. b4 Kh7 24. h4 h5 25. e4 c5 26. e5 cxb4 27. Qg3 Qd4 28. Rd1 Qb2 29. Bd3 a6 30. Qg5 Kg8 31. Rc1 Qxa2 32. Be4 b3 33. Bxb7 b2 34. Rc8+ 1-0

[Event "Cheliabinsk Lozovatsky Memorial-A"]
[Site "Cheliabinsk"]
[Date "2022.01.22"]
[Round "1"]
[White "Suleymenov, Alisher"]
[Black "Filippova, Darya"]
[Result "1/2-1/2"]
[WhiteElo "2418"]
[BlackElo "1992"]
[PlyCount "149"]
[EventDate "2022.01.22"]
[EventType "swiss"]
[EventRounds "10"]
[EventCountry "RUS"]
[SourceTitle "CBM 206 Extra"]
[Source "ChessBase"]
[SourceDate "2022.03.31"]
[SourceVersion "1"]
[SourceVersionDate "2022.03.31"]
[SourceQuality "1"]

1. d4 Nf6 2. c4 e6 3. Nc3 d5 4. Nf3 c5 5. cxd5 cxd4 6. Qxd4 exd5 7. Bg5 Be7 8. e3 0-0 9. Qa4 Be6 10. Rd1 Qb6 11. Qb5 Qxb5 12. Bxb5 Nc6 13. 0-0 Rfd8 14. Ba4 h6 15. Bh4 Na5 16. Nd4 Rac8 17. Bb5 a6 18. Bd3 Nc4 19. Bf5 Nxb2 20. Nxe6 Nxd1 21. Nxd8 Rxc3 22. Nxb7 Nb2 23. Na5 Bb4 24. Bxf6 gxf6 25. Nb3 a5 26. Rb1 a4 27. Rxb2 axb3 28. g3 bxa2 29. Rxa2 Rc1+ 30. Kg2 Rd1 31. Ra8+ Kg7 32. Ra7 d4 33. Be6 dxe3 34. fxe3 Bc5 35. Rxf7+ Kg6 36. Rb7 Bxe3 37. Rb8 Ba7 38. Rg8+ Kh7 39. Rc8 Kg6 40. h4 Rg1+ 41. Kh2 h5 42. Rc7 Bf2 43. Bf7+ Kh6 44. Rc6 Bd4 45. Rd6 Rd1 46. Kh3 Rh1+ 47. Kg2 Rg1+ 48. Kh2 Rd1 49. Kg2 Rg1+ 50. Kh2 Rd1 51. Ra6 Be5 52. Ra3 Rd4 53. Kh3 Rg4 54. Rf3 Rxg3+ 55. Rxg3 Bxg3 56. Kxg3 f5 57. Kf4 Kg7 58. Bc4 Kh8 59. Bd5 Kg7 60. Kg5 f4 61. Bf3 Kh8 62. Kf6 Kh7 63. Kf7 Kh8 64. Kf8 Kh7 65. Be4+ Kh8 66. Bf3 Kh7 67. Kf7 Kh8 68. Kg6 Kg8 69. Bd5+ Kh8 70. Kh6 f3 71. Bxf3 Kg8 72. Bd5+ Kh8 73. Be4 Kg8 74. Bd3 Kh8 75. Bh7 1/2-1/2

[Event "RUS-chT Blitz (Women)"]
[Site "Sochi"]
[Date "2021.10.14"]
[Round "2.2"]
[White "Filippova, Darya"]
[Black "Zhurova, Anna"]
[Result "0-1"]
[WhiteElo "1992"]
[BlackElo "2127"]
[PlyCount "112"]
[EventDate "2021.10.14"]
[EventType "team-tourn (blitz)"]
[EventRounds "11"]
[EventCountry "RUS"]
[SourceTitle "CBM 204 Extra"]
[Source "ChessBase"]
[SourceDate "2021.11.30"]
[SourceVersion "1"]
[SourceVersionDate "2021.11.30"]
[SourceQuality "1"]
[WhiteTeam "Cheliabinsk Yuzhnyy Ural (W) II"]
[BlackTeam "Voronezh (W)"]
[WhiteTeamCountry "RUS"]
[BlackTeamCountry "RUS"]

1. c4 c5 2. Nc3 g6 3. g3 Bg7 4. Bg2 Nc6 5. e3 e5 6. Nge2 Nge7 7. d3 0-0 8. Nd5 d6 9. Nec3 Be6 10. 0-0 Rb8 11. Bd2 a6 12. a4 f5 13. f4 Bxd5 14. Nxd5 Nxd5 15. cxd5 Ne7 16. Qc2 Re8 17. e4 exf4 18. Bxf4 b5 19. axb5 axb5 20. Ra7 c4 21. Rfa1 Bd4+ 22. Kh1 cxd3 23. Qxd3 Bxa7 24. Rxa7 Ra8 25. Rxa8 Qxa8 26. h4 Qa1+ 27. Kh2 Qxb2 28. Be3 fxe4 29. Qxe4 Qe5 30. Qxe5 dxe5 31. d6 Nf5 32. Bd5+ Kg7 33. Bd2 Nxd6 34. Bb4 Nf5 35. Bc6 Rc8 36. Bd7 Rd8 37. Bc6 Nd4 38. Be4 Rc8 39. Bd6 Kf6 40. g4 Rd8 41. Bb4 h6 42. Kh3 g5 43. h5 Ne6 44. Bc6 Rd4 45. Ba5 b4 46. Ba4 b3 47. Be8 b2 48. Bc3 b1Q 49. Bxd4 exd4 50. Bg6 Qh1+ 51. Kg3 Qg1+ 52. Kf3 Qe3+ 53. Kg2 Nf4+ 54. Kh1 Qe1+ 55. Kh2 Qf2+ 56. Kh1 Qg2# 0-1

[Event "RUS-ch Blitz (Women)"]
[Site "Sochi"]
[Date "2021.10.11"]
[Round "3"]
[White "Vasilevich, Tatjana"]
[Black "Filippova, Darya"]
[Result "0-1"]
[WhiteElo "2326"]
[BlackElo "1992"]
[PlyCount "67"]
[EventDate "2021.10.11"]
[EventType "swiss (blitz)"]
[EventRounds "13"]
[EventCountry "RUS"]
[SourceTitle "CBM 204 Extra"]
[Source "ChessBase"]
[SourceDate "2021.11.30"]
[SourceVersion "1"]
[SourceVersionDate "2021.11.30"]
[SourceQuality "1"]

1. d4 Nf6 2. c4 e6 3. g3 d5 4. Bg2 Be7 5. Nf3 0-0 6. 0-0 c5 7. cxd5 exd5 8. Nc3 Nc6 9. dxc5 Bxc5 10. Bg5 Be6 11. Rc1 d4 12. Bxf6 gxf6 13. Ne4 Bb6 14. Qa4 f5 15. Nc5 Bxc5 16. Rxc5 Qf6 17. Rd1 Rfd8 18. Qb5 Rd7 19. Nh4 a6 20. Qb6 Ne5 21. Rc7 Rxc7 22. Qxc7 Rc8 23. Qxb7 Rc2 24. Qxa6 Rxb2 25. a4 f4 26. Qa8+ Kg7 27. Qe4 Bg4 28. Nf3 Nxf3+ 29. exf3 Bd7 30. a5 Ra2 31. Qd5 Be6 32. Qb5 Qf5 33. Qxf5 Bxf5 34. g4 0-1

[Event "South Ural Cup-C"]
[Site "Cheliabinsk"]
[Date "2021.06.26"]
[Round "2"]
[White "Filippova, Darya"]
[Black "Nasybullina, Alfia"]
[Result "0-1"]
[WhiteElo "2002"]
[BlackElo "2135"]
[PlyCount "42"]
[EventDate "2021.06.25"]
[EventType "tourn"]
[EventRounds "9"]
[EventCountry "RUS"]
[SourceTitle "CBM 203 Extra"]
[Source "ChessBase"]
[SourceDate "2021.09.30"]
[SourceVersion "1"]
[SourceVersionDate "2021.09.30"]
[SourceQuality "1"]

1. d4 d5 2. c4 c6 3. Nf3 Nf6 4. g3 Bf5 5. Nc3 e6 6. Bg2 Nbd7 7. 0-0 dxc4 8. a4 Bb4 9. Nd2 Nb6 10. a5 Nbd5 11. Nxc4 Bxc3 12. bxc3 Nxc3 13. Qb3 Nxe2+ 14. Kh1 Nxc1 15. Qxb7 0-0 16. Raxc1 Qxd4 17. Bxc6 Rab8 18. Qa6 Bd3 19. Rfd1 Ng4 20. Rc2 Be4+ 21. Bxe4 Qxe4+ 0-1

[Event "RUS-chT (Women)"]
[Site "Sochi"]
[Date "2021.05.07"]
[Round "6.1"]
[White "Filippova, Darya"]
[Black "Bivol, Alina"]
[Result "1/2-1/2"]
[WhiteElo "1915"]
[BlackElo "2385"]
[PlyCount "84"]
[EventDate "2021.05.01"]
[EventType "team-tourn"]
[EventRounds "9"]
[EventCountry "RUS"]
[SourceTitle "CBM 202 Extra"]
[Source "ChessBase"]
[SourceDate "2021.07.31"]
[SourceVersion "1"]
[SourceVersionDate "2021.07.31"]
[SourceQuality "1"]
[WhiteTeam "Cheliabinsk Yuzhnyy Ural (W) II"]
[BlackTeam "Moscow Chess Team (W)"]
[WhiteTeamCountry "RUS"]
[BlackTeamCountry "RUS"]

1. d4 Nf6 2. c4 g6 3. Nc3 d5 4. Nf3 Bg7 5. cxd5 Nxd5 6. Na4 Nb6 7. e4 Bg4 8. Be3 0-0 9. Nc5 Qc8 10. Qb3 Bxf3 11. gxf3 e5 12. dxe5 Bxe5 13. h4 h5 14. f4 Bg7 15. f5 a5 16. a4 N8d7 17. fxg6 Nxc5 18. Bxc5 Qg4 19. f3 Qg3+ 20. Ke2 Rae8 21. Ra3 Nd7 22. Rg1 Qh2+ 23. Rg2 Qxh4 24. Bxf8 Rxf8 25. Qd5 Qf6 26. Rb3 Ne5 27. f4 Nxg6 28. Rxg6 Qxg6 29. Bh3 Re8 30. e5 Qc2+ 31. Kf1 Qc1+ 32. Kg2 Qxf4 33. e6 Re7 34. Qd8+ Kh7 35. Qxe7 Qd2+ 36. Kf3 Qd1+ 37. Kf4 Qd2+ 38. Ke4 Qc2+ 39. Kf4 Bh6+ 40. Ke5 Bg7+ 41. Kf4 Bh6+ 42. Ke5 Bg7+ 1/2-1/2

[Event "RUS-chT (Women)"]
[Site "Sochi"]
[Date "2021.05.03"]
[Round "3.3"]
[White "Filippova, Darya"]
[Black "Nechaeva, Marina"]
[Result "0-1"]
[WhiteElo "1915"]
[BlackElo "2403"]
[PlyCount "48"]
[EventDate "2021.05.01"]
[EventType "team-tourn"]
[EventRounds "9"]
[EventCountry "RUS"]
[SourceTitle "CBM 202 Extra"]
[Source "ChessBase"]
[SourceDate "2021.07.31"]
[SourceVersion "1"]
[SourceVersionDate "2021.07.31"]
[SourceQuality "1"]
[WhiteTeam "Cheliabinsk Yuzhnyy Ural (W) II"]
[BlackTeam "Khanty Mansiysk Yugra (W)"]
[WhiteTeamCountry "RUS"]
[BlackTeamCountry "RUS"]

1. c4 e5 2. Nc3 Nf6 3. Nf3 Nc6 4. d4 exd4 5. Nxd4 Bb4 6. Nxc6 bxc6 7. Bg5 h6 8. Bh4 Bxc3+ 9. bxc3 Qe7 10. Qd4 g5 11. Bg3 c5 12. Qe5 d6 13. Qxe7+ Kxe7 14. h4 Be6 15. e3 Ne4 16. Bd3 Nxg3 17. fxg3 gxh4 18. gxh4 Rab8 19. 0-0-0 Rhg8 20. Rd2 Rg3 21. e4 Rbg8 22. Rh2 Re3 23. Rh1 Rgg3 24. Rhd1 Bg4 0-1

[Event "RUS-ch U20 Girls"]
[Site "Loo"]
[Date "2021.04.29"]
[Round "9"]
[White "Filippova, Darya"]
[Black "Bogdanova, Darya"]
[Result "1-0"]
[WhiteElo "1915"]
[BlackElo "1762"]
[PlyCount "85"]
[EventDate "2021.04.21"]
[EventType "swiss"]
[EventRounds "9"]
[EventCountry "RUS"]
[SourceTitle "CBM 202 Extra"]
[Source "ChessBase"]
[SourceDate "2021.07.31"]
[SourceVersion "1"]
[SourceVersionDate "2021.07.31"]
[SourceQuality "1"]

1. c4 f5 2. Nc3 Nf6 3. d4 g6 4. Bg5 Bg7 5. Nf3 d6 6. h4 h6 7. Bxf6 Bxf6 8. e4 fxe4 9. Nxe4 Bg7 10. Bd3 Bf5 11. Ng3 e6 12. h5 Qf6 13. hxg6 Bxg6 14. Ne4 Qf7 15. Qc2 Bf5 16. g4 Bh7 17. Rh3 Nc6 18. Nxd6+ cxd6 19. Bxh7 0-0-0 20. Be4 Nxd4 21. Nxd4 Bxd4 22. Rb3 Rd7 23. Rf3 Qg7 24. Rd1 Bxb2 25. c5 d5 26. Bd3 Rc7 27. Bb5 Bd4 28. c6 bxc6 29. Bxc6 Qxg4 30. Rdd3 Bb6 31. Qb2 Rd8 32. Rc3 Qd4 33. Qb5 Qe5+ 34. Kf1 Rg8 35. Qb4 Qg7 36. Qd6 Ba5 37. Qxe6+ Kb8 38. Rg3 Bxc3 39. Rxg7 Rcxg7 40. Qd6+ Rc7 41. Qxd5 Rg6 42. Qb5+ Kc8 43. Qf5+ 1-0

[Event "RUS-ch U20 Girls"]
[Site "Loo"]
[Date "2021.04.26"]
[Round "6"]
[White "Filippova, Darya"]
[Black "Shafigullina, Zarina"]
[Result "1-0"]
[WhiteElo "1915"]
[BlackElo "2293"]
[PlyCount "93"]
[EventDate "2021.04.21"]
[EventType "swiss"]
[EventRounds "9"]
[EventCountry "RUS"]
[SourceTitle "CBM 202 Extra"]
[Source "ChessBase"]
[SourceDate "2021.07.31"]
[SourceVersion "1"]
[SourceVersionDate "2021.07.31"]
[SourceQuality "1"]

1. c4 Nf6 2. Nf3 e6 3. g3 b6 4. Bg2 Bb7 5. 0-0 c5 6. Nc3 Be7 7. Re1 0-0 8. e4 d6 9. d4 cxd4 10. Nxd4 Qc8 11. b3 a6 12. Bb2 Nc6 13. Rc1 Nxd4 14. Qxd4 Qc6 15. Na4 Bd8 16. h3 Bc7 17. Kh2 Rac8 18. Bh1 e5 19. Qe3 b5 20. cxb5 Qxb5 21. Red1 Bb8 22. Nc3 Qa5 23. a3 Rc6 24. b4 Qc7 25. a4 Rc8 26. b5 axb5 27. Nxb5 Qa5 28. Rxc6 Rxc6 29. Qb3 Qb6 30. Rd2 Nd7 31. Qb4 Ba6 32. Bg2 Rc5 33. Bf1 Qc6 34. Bd3 Nb6 35. Qa5 Bxb5 36. Bxb5 Bc7 37. Qa6 Qxe4 38. a5 g6 39. axb6 Bb8 40. Ba3 Rc3 41. b7 h5 42. Qa8 Kg7 43. Bb2 Rb3 44. Qxb8 Rxb5 45. Qxd6 Qxb7 46. Bxe5+ Kh7 47. Qf6 1-0

[Event "Cheliabinsk Kurnosov Memorial rapid"]
[Site "Cheliabinsk"]
[Date "2020.09.04"]
[Round "1"]
[White "Filippova, Darya"]
[Black "Rakhmanov, Alexander"]
[Result "0-1"]
[WhiteElo "2032"]
[BlackElo "2645"]
[PlyCount "78"]
[EventDate "2020.09.04"]
[EventType "swiss (rapid)"]
[EventRounds "11"]
[EventCountry "RUS"]
[SourceTitle "CBM 198 Extra"]
[Source "ChessBase"]
[SourceDate "2020.11.30"]
[SourceVersion "1"]
[SourceVersionDate "2020.11.30"]
[SourceQuality "1"]

1. c4 e5 2. Nc3 Bb4 3. g3 Bxc3 4. bxc3 d6 5. Bg2 Ne7 6. Rb1 Nbc6 7. d3 0-0 8. e3 b6 9. Ne2 Be6 10. 0-0 Qd7 11. Ba3 Bh3 12. Qd2 Rad8 13. f4 Bxg2 14. Kxg2 Rfe8 15. Rf2 d5 16. Bxe7 Rxe7 17. f5 f6 18. d4 dxc4 19. Qc2 exd4 20. exd4 Qd5+ 21. Kg1 Qe4 22. Qxe4 Rxe4 23. Nf4 Ne7 24. g4 Nd5 25. Nxd5 Rxg4+ 26. Kh1 Rxd5 27. Re1 Kf7 28. Rfe2 Rd7 29. Re6 Rf4 30. Rc6 Rxf5 31. Rxc4 c5 32. dxc5 Rxc5 33. Rh4 Rxc3 34. Rxh7 Rcd3 35. Rg1 Kg8 36. Rh4 Rd1 37. Ra4 Rxg1+ 38. Kxg1 a5 39. Kg2 Rd3 0-1